Spell the Marvel Hero #8 - Statistics

General Stats
  • This quiz has been taken 27 times
  • The average score is 5 of 8
Answer Stats
Picture Answer % Correct
Captain America
100%
Captain Marvel
96%
Silk
87%
Omega
78%
Lockheed
74%
Cyclops
57%
Yukio
26%
Persuasion
22%
No matching quizzes found
Score Distribution
Percent of People with Each Score
Percentile by Number Answered
Your Score History
You have not taken this quiz